Central Library OPAC University of Rajshahi

Japan's natural resources and their relation to Japan's economic future / (Record no. 58232)

MARC details
000 -LEADER
fixed length control field 00670nam a2200217 a 4500
001 - CONTROL NUMBER
control field 58232
003 - CONTROL NUMBER IDENTIFIER
rucl marc code BD-RjUL
005 - DATE AND TIME OF LATEST TRANSACTION
control field 20211209080611.0
008 - FIXED-LENGTH DATA ELEMENTS--GENERAL INFORMATION
fixed length control field 161217s1951 us a|||| |||| 001 0 eng d
035 ## - SYSTEM CONTROL NUMBER
System control number (BD-RjUL)58356
040 ## - CATALOGING SOURCE
Original cataloging agency BD-RjUL
Language of cataloging eng
Transcribing agency BD-RjUL
041 ## - LANGUAGE CODE
Language code of text/sound track or separate title eng
082 ## - DEWEY DECIMAL CLASSIFICATION NUMBER
Edition number 23
Classification number 333.7
Author mark and year ACJ 1951
100 ## - MAIN ENTRY--PERSONAL NAME
Personal name Ackerman, Edward A.
9 (RLIN) 172981
245 ## - TITLE STATEMENT
Title Japan's natural resources and their relation to Japan's economic future /
Statement of responsibility, etc. Edward A. Ackerman
260 ## - PUBLICATION, DISTRIBUTION, ETC. (IMPRINT)
Place of publication, distribution, etc. Chicago :
Name of publisher, distributor, etc. University of Chicago Press,
Date of publication, distribution, etc. c1951.
300 ## - PHYSICAL DESCRIPTION
Pagination xxv, 655 p. :
Illustrations ill. ;
Size 24 cm.
500 ## - GENERAL NOTE
General note Includes index
650 ## - SUBJECT ADDED ENTRY--TOPICAL TERM
Topical term or geographic name as entry element Natural resources
Geographic subdivision Japan
9 (RLIN) 172982
942 ## - ADDED ENTRY ELEMENTS (KOHA)
Source of classification or shelving scheme Dewey Decimal Classification
Koha item type Books
Holdings
Lost status Source of classification or shelving scheme Damaged status Not for loan Collection code Permanent Location Current Location Shelving location Date acquired Source of acquisition Cost, normal purchase price Total Checkouts Full call number Date last seen Copy number Koha item type
  Dewey Decimal Classification   Not For Loan Non-fiction Central Library, University of Rajshahi Central Library, University of Rajshahi Reading Room 04/09/1957 B.H. Blackwell 9.76   333.7 ACJ 1951 17/12/2016 C-1 Books